| 000 | 00967nam a2200277 a 4500 | ||
|---|---|---|---|
| 001 | 000009687 | ||
| 003 | OSt | ||
| 005 | 20210405113613.0 | ||
| 007 | ta | ||
| 008 | 091001s1990 dr a 001 0dspa d | ||
| 040 |
_aDO-SdBNP _bspa _cBNPHU |
||
| 082 |
_a923.9 _bC719a |
||
| 100 | 1 |
_aAlvárez P., Eduardo A., _d1915- _917931 |
|
| 245 | 1 | 0 |
_aDocumentos sobre los restos de Cristobal Colón / _cEduardo A. Alvárez P. |
| 260 |
_aSanto Domingo : _bCorripio, _c1990. |
||
| 300 |
_a159 p. ; _c23 cm. |
||
| 500 | _aIncluye datos biográficos del autor en la contracubierta. | ||
| 500 | _aIncluye referencias bibliográficas y notas al pie de las páginas. | ||
| 504 | _aBibliografía: p-159. | ||
| 590 | _aInventariado, 2021 / DG | ||
| 600 | 1 | 4 |
_aCOLÓN, CRISTÓBAL, _d1451-1506 _xTUMBA _924584 |
| 650 | 4 |
_aExploradores _zAmérica _xBiografías _924585 |
|
| 651 | 4 |
_aRepública Dominicana _xHistoria _9170 |
|
| 910 | _aValidado. Control de calidad EMS | ||
| 942 |
_2ddc _cLBS1 |
||
| 999 |
_c9447 _d9447 |
||